000 00578cam a22002053a 4500
001 38122
003 PGUSA
005 20140828083834.0
008 111124s2011||||xxu|||||s|||||000 | eng d
040 _aPGUSA
_beng
042 _adc
100 1 _aFéval, Paul,
_d1817-1887
245 1 0 _aLa fabrique de mariages, Vol. II
_h[electronic resource] /
_cPaul Féval
260 _bProject Gutenberg,
_c2011
506 _aPublic domain in the USA.
516 _aElectronic text
830 0 _aProject Gutenberg
_v38122
856 4 0 _uhttp://www.gutenberg.org/ebooks/38122
942 _cEB
999 _c267376
_d267376